000 00285nam a22001337a 4500
020 _a81-86332-41-3
082 _a080
_bMAT/B
100 _aKUMAR, HEMANT
245 _aBOOK OF BABY NAMES
260 _aDELHI
_bNEW LIGHT PUBLISHERS
300 _a162
520 _aBABY NAMES
942 _cBK
999 _c6770
_d6770